|
|
|
|
| LEADER |
00000cam a22000004a 4500 |
| 001 |
musev2_33962 |
| 003 |
MdBmJHUP |
| 005 |
20230905043557.0 |
| 006 |
m o d |
| 007 |
cr||||||||nn|n |
| 008 |
140719s2014 nju o 00 0 eng d |
| 020 |
|
|
|a 9781400857074
|
| 020 |
|
|
|z 9780691101965
|
| 020 |
|
|
|z 9780691638911
|
| 020 |
|
|
|z 9780691065670
|
| 020 |
|
|
|z 9780691610856
|
| 035 |
|
|
|a (OCoLC)889251208
|
| 040 |
|
|
|a MdBmJHUP
|c MdBmJHUP
|
| 100 |
1 |
|
|a Stowe, William W.
|
| 245 |
1 |
0 |
|a Balzac, James, and the Realistic Novel
|
| 264 |
|
1 |
|a Princeton :
|b Princeton University Press,
|c 2014.
|
| 264 |
|
3 |
|a Baltimore, Md. :
|b Project MUSE,
|c 2015
|
| 264 |
|
4 |
|c ©2014.
|
| 300 |
|
|
|a 1 online resource (224 pages).
|
| 336 |
|
|
|a text
|b txt
|2 rdacontent
|
| 337 |
|
|
|a computer
|b c
|2 rdamedia
|
| 338 |
|
|
|a online resource
|b cr
|2 rdacarrier
|
| 490 |
0 |
|
|a Princeton Legacy Library
|
| 500 |
|
|
|a Cover; Contents.
|
| 505 |
0 |
|
|a Cover -- Contents
|
| 520 |
|
|
|a This book has a double purpose: to compare the literary projects, theories, and careers of Balzac and Henry James, and to develop a theory of realism that can account for their unabashed mimetic intentions and for their novels' sophisticated textuality. Originally published in 1986. The Princeton Legacy Library uses the latest print-on-demand technology to again make available previously out-of-print books from the distinguished backlist of Princeton University Press. These paperback editions preserve the original texts of these important books while presenting them in du.
|
| 588 |
|
|
|a Description based on print version record.
|
| 600 |
1 |
7 |
|a James, Henry,
|d 1843-1916.
|2 fast
|0 (OCoLC)fst00028686
|
| 600 |
1 |
7 |
|a Balzac, Honore de,
|d 1799-1850.
|2 fast
|0 (OCoLC)fst00038270
|
| 600 |
1 |
1 |
|a Balzac, Honore de,
|d 1799-1850
|x Criticism and interpretation.
|
| 600 |
1 |
1 |
|a James, Henry,
|d 1843-1916
|x Criticism and interpretation.
|
| 600 |
1 |
0 |
|a James, Henry,
|d 1843-1916
|x Criticism and interpretation.
|
| 600 |
1 |
0 |
|a Balzac, Honore de,
|d 1799-1850
|x Criticism and interpretation.
|
| 650 |
|
7 |
|a Realism in literature.
|2 fast
|0 (OCoLC)fst01091237
|
| 650 |
|
7 |
|a Fiction.
|2 fast
|0 (OCoLC)fst00923709
|
| 650 |
|
7 |
|a BIOGRAPHY & AUTOBIOGRAPHY
|x Literary.
|2 bisacsh
|
| 650 |
|
7 |
|a LITERARY CRITICISM
|x American
|x General.
|2 bisacsh
|
| 650 |
|
6 |
|a Realisme dans la litterature.
|
| 650 |
|
6 |
|a Roman
|y 19e siecle
|x Histoire et critique.
|
| 650 |
|
0 |
|a Realism in literature.
|
| 650 |
|
0 |
|a Fiction
|y 19th century
|x History and criticism.
|
| 655 |
|
7 |
|a Criticism, interpretation, etc.
|2 fast
|0 (OCoLC)fst01411635
|
| 655 |
|
7 |
|a Electronic books.
|2 local
|
| 710 |
2 |
|
|a Project Muse.
|e distributor
|
| 830 |
|
0 |
|a Book collections on Project MUSE.
|
| 856 |
4 |
0 |
|z Texto completo
|u https://projectmuse.uam.elogim.com/book/33962/
|
| 945 |
|
|
|a Project MUSE - Custom Collection
|
| 945 |
|
|
|a Project MUSE - Archive Complete Supplement III
|
| 945 |
|
|
|a Project MUSE - Archive Literature Supplement III
|